书目信息 |
| 题名: |
实验晶体物理学
|
|
| 作者: | 伍斯德 著 ;王守瓈 译 | |
| 分册: | ||
| 出版信息: | 北京 科学出版社 1959 |
|
| 页数: | 109页 | |
| 开本: | 20cm | |
| 丛书名: | ||
| 单 册: | ||
| 中图分类: | O73 | |
| 科图分类: | ||
| 主题词: | 晶体物理学 | |
| 电子资源: | ||
| ISBN: | ||
| 000 | 00610nam0 2200217 450 | |
| 001 | 0653101875 | |
| 005 | 20060727083722.87 | |
| 010 | @dCNY0.65 | |
| 100 | @a20060720d1959 km y0chiy0120 ea | |
| 101 | 0 | @achi |
| 102 | @aCN@b110000 | |
| 102 | @aCN@b110000 | |
| 200 | 1 | @a实验晶体物理学@Ashi yan jing ti wu li xue@fW·A·伍斯德著@FW·A·wu si de zhu@g王守瓈译@Gwang shou li yi |
| 210 | @a北京@c科学出版社@d1959 | |
| 215 | @a109页@d20cm | |
| 606 | 0 | @a晶体物理学 |
| 690 | @aO73@v3 | |
| 701 | 0 | @a伍斯德@Awu si de@4著 |
| 702 | 0 | @a王守瓈@Awang shou li@4译 |
| 801 | 0 | @aCN@bPFT@c20060727 |
| 905 | @a10447@dO73@e3 | |
| 实验晶体物理学/W·A·伍斯德著/王守瓈译.-北京:科学出版社,1959 |
| 109页;20cm |
| ISBN :CNY0.65 |
| ● |
| 相关链接 |
|
|
|
|
正题名:实验晶体物理学
索取号:O73/3
 
预约/预借
| 序号 | 登录号 | 条形码 | 馆藏地/架位号 | 状态 | 备注 |
| 1 | 0432151 | 204321518 | 密集书库/ [索取号:O73/3] | 在馆 | |
| 2 | 0433559 | 204335594 | 密集书库/ [索取号:O73/3] | 在馆 | |
| 3 | 0433560 | 204335601 | 密集书库/ [索取号:O73/3] | 在馆 |